| 000 | 01007nam a22001577a 4500 | ||
|---|---|---|---|
| 003 | SGT | ||
| 020 | _a8174463178 | ||
| 082 | _a658, RAO | ||
| 100 | _aRAO V S P | ||
| 245 | _aMANAGEMENT TEXT AND CASES | ||
| 260 |
_aNEW DELHI _bEXCEL BOOKS _c2002 |
||
| 300 | _a966 | ||
| 650 | _aMANAGEMENT | ||
| 653 | _aNature of Management, Managerial Roles Functions and Skills, Development of Management Thought, Coordination, Planning and Forecasting, Objectives and MBO, Types of Plans, Corporate Planning and Environmental Analysis, Strategic Planning and Management, DecisionMaking Creativity and MIS, Fundamentals of Organising, Departmentation and Structural Formats, Span of Management, Authority Power and Politics, Delegation of Authority, Centralisation and Decentralisation, Line and Staff Relationships, Fundamentals of Staffing, Attracting and Developing Human Resources, Appraising and Maintaining Human Resources, Direction and Supervision, Motivation Morale and Productivity | ||
| 942 |
_2ddc _cFCM _021 |
||
| 999 |
_c9045 _d9045 |
||